Rubber plantation on 200 hectares of newly-reclaimed-land ការដាំដុះដំណាំកៅស៊ូ លើផ្ទៃដីថ្មី ២០០ ហិចតា (Record no. 337)

000 -LEADER
fixed length control field 00556nam a22001577a 4500
003 - CONTROL NUMBER IDENTIFIER
control field OSt
005 - DATE AND TIME OF LATEST TRANSACTION
control field 20150913081957.0
008 - FIXED-LENGTH DATA ELEMENTS--GENERAL INFORMATION
fixed length control field 150913b xxu||||| |||| 00| 0 eng d
040 ## - CATALOGING SOURCE
Transcribing agency RUA
082 ## - DEWEY DECIMAL CLASSIFICATION NUMBER
Classification number AGR ទេព 1996 B016 Or.1
Item number
100 ## - MAIN ENTRY--PERSONAL NAME
9 (RLIN) 355
Personal name ទេព ផល្លា
245 ## - TITLE STATEMENT
Title Rubber plantation on 200 hectares of newly-reclaimed-land ការដាំដុះដំណាំកៅស៊ូ លើផ្ទៃដីថ្មី ២០០ ហិចតា
260 ## - PUBLICATION, DISTRIBUTION, ETC. (IMPRINT)
Place of publication, distribution, etc. Phnom Penh
Name of publisher, distributor, etc. RUA
Date of publication, distribution, etc. 1996
300 ## - PHYSICAL DESCRIPTION
Extent 68p.
Other physical details ill.
Dimensions 29cm.
942 ## - ADDED ENTRY ELEMENTS (KOHA)
Source of classification or shelving scheme
Koha item type AGR
Holdings
Price effective from Date last seen Permanent Location Not for loan Date acquired Source of classification or shelving scheme Koha item type Lost status Damaged status Withdrawn status Current Location Full call number
2015-09-132015-09-13Library Block B 2015-09-13 AGR   Library Block BAGR ទេព 1996 B016 Or.1
2015-09-132015-09-13Library Block B 2015-09-13 AGR   Library Block BAGR ទេព 1996 B016 Or.1
មជ្ឈមណ្ឌលឯការនៃសាកលវិទ្យាល័យភូមិន្ទកសិកម្មចំការដូង

Powered by Koha